000 00491cam a2200157 4500500
005 20251228065742.0
041 _afre
042 _adc
100 1 0 _ade Lame, Danielle
_eauthor
700 1 0 _aChrétien, Jean-Pierre
_eauthor
245 0 0 _aVoyageurs africains
260 _c2005.
500 _a55
786 0 _nAfrique & histoire | 4 | 2 | 2005-10-01 | p. 7-10 | 1764-1977
856 4 1 _uhttps://shs.cairn.info/revue-afrique-et-histoire-2005-2-page-7?lang=fr&redirect-ssocas=7080
999 _c1592081
_d1592081